Guess the Fusion Rock Song Lyrics #136 - Statistics

General Stats
  • This quiz has been taken 17 times
  • The average score is 281 of 369
Answer Stats
Answer % Correct
A
100%
all
100%
And
100%
I
100%
in
100%
it's
100%
love
100%
me
100%
on
100%
one
100%
that
100%
the
100%
Then
100%
to
100%
When
100%
when
100%
with
100%
you
100%
at
92%
be
92%
Just
92%
know
92%
of
92%
gonna
85%
look
85%
my
85%
up
85%
way
85%
day
77%
mind
77%
mornin
77%
wake
77%
Always
69%
right
69%
seems
69%
Seems
69%
eyes
62%
hurts
62%
lovely
62%
Lovely
62%
without
62%
world's
62%
Bill Withers
54%
heavy
54%
someone
54%
sunlight
54%
else
46%
face
46%
somethin
46%
ahead
38%
impossible
38%
instead
38%
lies
38%
warning
31%
Bears
23%
Seemed
15%
No matching quizzes found
Score Distribution
Percent of People with Each Score
Percentile by Number Answered
Your Score History
You have not taken this quiz